000 00509cam a2200205ua 4500
020 _c50.00
041 _aeng
_h
082 _a631.5871
_bDAH/TE
100 _aDahigaonkan, T G.
245 _aText book of Irrigation Engineering /
_cT G Dahigaonkan.
_hTextual Documents
250 _a2 /
_b.
260 _aLudhiyana :
_bWheeler publishing ,
_c1990.
300 _a254 ; .
365 _a50.00
504 _a
942 _cBK
999 _c1307
_d1307